Normal view
MARC view
- Adaptive antennas.
Entry Topical Term
001 - CONTROL NUMBER
- control field: 605
003 - CONTROL NUMBER IDENTIFIER
- control field: NUST
005 - DATE AND TIME OF LATEST TRANSACTION
- control field: 20170511192459.0
008 - FIXED-LENGTH DATA ELEMENTS
- fixed length control field: 170511|| aca||aabn | a|a d
040 ## - CATALOGING SOURCE
- Original cataloging agency: NUST
- Transcribing agency: NUST
150 ## - HEADING--TOPICAL TERM
- Topical term or geographic name entry element: Adaptive antennas.
670 ## - SOURCE DATA FOUND
- Source citation: Work cat.: (NUST)8321: Adaptive antennas and receivers , 2006.
